000 00441nam a2200169 a 4500
005 20140414132135.0
008 140221s19uu xx 00 eng d
020 _a9781426309137
050 _aREF 599.77
_bMa11 2012
100 _aMarsh, Laura
245 _aWolves.
260 _aWashington, DC :
_bNAtional Geogrpahic for Kids,
_cc2012.
300 _a32
440 _aNational Geographic for Kids
650 _aWolves
999 _c115303
_d115303